LEADER 01253nam--2200385---450- 001 990001121910203316 005 20090618145116.0 010 $a84-344-1605-0 035 $a000112191 035 $aUSA01000112191 035 $a(ALEPH)000112191USA01 035 $a000112191 100 $a20030109d1996----km-y0enga50------ba 101 0 $aspa 102 $aES 105 $ay|||z|||001yy 200 1 $a<> primeros pasos del estado constitucional espanol$ehistoria administrativa de la Regencia de María Cristina de Borbón$fA. Nieto 210 $aBarcelona$cAriel$dcopyr. 1996 215 $a602 p.$d24 cm 225 2 $aAriel derecho 410 0$12001$aAriel derecho 606 0 $aSpagna$xCostituzioni politiche$xStoria$y1833-1840 676 $a342.4602 700 1$aNIETO,$bAlejandro$0501521 801 0$aIT$bSalbc$cISBD 912 $a990001121910203316 951 $aXXIV.2.M 237 (IG XV 475)$b34765 G$cIG XV$d00094587 959 $aBK 969 $aGIU 979 $aMARIA$b10$c20030109$lUSA01$h1009 979 $aCHIARA$b90$c20030321$lUSA01$h1302 979 $aPATRY$b90$c20040406$lUSA01$h1717 979 $aRSIAV3$b90$c20090618$lUSA01$h1451 996 $aPrimeros pasos del estado constitucional espanol$9981829 997 $aUNISA LEADER 01108nam0-2200325 --450 001 9910738300503321 005 20230906114157.0 010 $a88-87248-18-4 020 $aIT$b2002-2085 100 $a20230906d2001----kmuy0itay5050 ba 101 $aita 102 $aIT 105 $a 001yy 200 1 $a<>materia di cui sono fatti i sogni$ele Americhe di celluloide dell'emigrazione italiana$fa cura di Marco Cipolloni e Gian Luigi De Rosa 210 $aSalerno$cEdizioni del Paguro$d\2001 215 $a120 p.$cill.$d21 cm 225 1 $aCine latino$v3 300 $aIn testa al front.: Università degli studi Federico II., Napoli; I.S.L.A., Istituto di studi latinoamericani, Pagani 610 0 $aEmigrazione italiana nel cinematografo 676 $a791.4365$v21 700 1$aCipolloni,$bMarco$0223760 702 1$aDe Rosa,$bGian Luigi 712 02$aISLA$c 801 0$aIT$bUNINA$gREICAT$2UNIMARC 901 $aBK 912 $a9910738300503321 952 $aDFT D75 CIPM 01$fFLFBC 959 $aFLFBC 996 $aMateria di cui sono fatti i sogni$93529500 997 $aUNINA